000 00501 a2200157 4500
999 _c3083
_d3083
020 _a9780071285582
050 _aHD 587 KIN 2009
100 _aKinicki, Angelo
245 _aOrganizational behavior :
_bkey concepts, skills & best practices /
_cAngelo Kinicki and Robert Kreitner
250 _a4th ed.
264 _aNew York :
_bMc Graw Hill,
_c2009
300 _axxviii,475p. :
_bill.(col);
500 _aincludes index
650 _aOrganizational behavior
942 _2lcc
_cBK
_e4th ed.
_h587
_iKIN
_kHD